FINANCIAL ACCOUNTING WORKBOK I (Record no. 8916)
[ view plain ]
| 000 -LEADER | |
|---|---|
| fixed length control field | 00299nam a2200121Ia 4500 |
| 008 - FIXED-LENGTH DATA ELEMENTS--GENERAL INFORMATION | |
| fixed length control field | 240624s9999 xx 000 0 und d |
| 041 ## - LANGUAGE CODE | |
| Language code of text/sound track or separate title | eng |
| 082 ## - DEWEY DECIMAL CLASSIFICATION NUMBER | |
| Classification number | 657 ICF |
| 100 ## - MAIN ENTRY--PERSONAL NAME | |
| Personal name | ICFAI |
| 245 ## - TITLE STATEMENT | |
| Title | FINANCIAL ACCOUNTING WORKBOK I |
| 260 ## - PUBLICATION, DISTRIBUTION, ETC. | |
| Place of publication, distribution, etc. | Hyderabad |
| Name of publisher, distributor, etc. | ICFAI University |
| 300 ## - PHYSICAL DESCRIPTION | |
| Extent | 424 : p. : cm. ; 28 |
| Withdrawn status | Lost status | Damaged status | Not for loan | Home library | Current library | Shelving location | Date acquired | Total Checkouts | Full call number | Barcode | Date last seen | Price effective from | Koha item type |
|---|---|---|---|---|---|---|---|---|---|---|---|---|---|
| Store Books | IMTN | IMTN | Rack 20-A | 05/14/2008 | 657 ICF | 8916 | 06/24/2024 | 06/24/2024 | Books |